Culture Générale - Série 989 - Statistiques

Statistiques générales
  • Ce quiz a été pris 113 fois
  • Le résultat moyen est 6 sur 10
Statistiques - réponses
Question Réponse % Correct
Dans quel membre du corps humain se situe l'humérus ? bras
96%
Comment se prénomme le menuisier, créateur de Pinocchio dans le dessin animé de Walt Disney ? Geppetto
81%
Familièrement, on dit d'une personne gâteuse qu'elle sucre les... fraises
74%
De quel pays la Macédoine était-elle une république fédérée, de 1946 à 1992 ? Yougoslavie
74%
Quel style artistique, dont le nom vient du mot "rocaille", est caractérisé par une ornementation surchargée ? rococo
59%
Dans un poème de Ronsard, par quel mot commence le vers : "..., allons voir si la rose" ? Mignonne
54%
La série télé racontant les méandres de Melinda Gordon, jeune femme pouvant communiquer avec l'esprit des morts s'appelle "Ghost... Whisperer
48%
Dans la série des années 1960 "Ma sorcière bien-aimée", comment se prénomme le mari de Samantha ? Jean-Pierre
41%
La série TV narrant les enquètes d'un ancien policier aux troubles obsessionnels et de son infirmière, Sharona Fleming s'intitule ... Monk
41%
Quel est le nom de la femme d'Orphée, pour laquelle il descend aux Enfers ? Eurydice
37%
Aucun quiz correspondant
Distribution des résultats
% des personnes avec chaque résultat
Percentile par nombre de réponses
Votre historique - résultats
Vous n’avez pas pris ce quiz